|
|
|
|
| LEADER |
00000nab a2200000 a 4500 |
| 001 |
vtls000049930 |
| 003 |
SK-MaSNL |
| 005 |
20260303215019.0 |
| 008 |
111031c1979 xo 0 slo |
| 015 |
|
|
|a SNBRA19rr/mm-uuuuu
|
| 035 |
|
|
|a CL0060027
|
| 040 |
|
|
|a SNKBUCL
|b slo
|c SNKBUCL
|e AACR2
|
| 041 |
0 |
|
|a slo
|
| 044 |
|
|
|a xo
|c SK
|
| 080 |
|
|
|a 002.61(47:100.3 RVHP)
|2 1981
|
| 080 |
|
|
|a 025.52
|2 1981
|
| 080 |
|
|
|a 681.3
|2 1981
|
| 100 |
1 |
|
|a Sumarokov, L.N.
|4 aut
|9 1250696
|
| 245 |
1 |
0 |
|a Medzinárodný systém VTI ako racionalizačný faktor informačného procesu členských krajín RVHP
|c L.N. Sumarokov
|
| 300 |
|
|
|b 3 obr.
|
| 650 |
0 |
7 |
|a MCVTI
|2 snkbucl
|9 932745
|
| 650 |
0 |
7 |
|a služby informačné
|2 snkbucl
|9 884441
|
| 650 |
0 |
7 |
|a informačné systémy medzinárodné
|2 snkbucl
|9 1001778
|
| 650 |
0 |
7 |
|a MSVTI
|2 snkbucl
|9 935810
|
| 650 |
0 |
7 |
|a informačné procesy
|2 snkbucl
|9 64415
|
| 655 |
|
7 |
|a články zo zborníkov
|2 snkbucl
|9 166140
|
| 655 |
|
7 |
|a články z odboru knihovníctvo
|2 snkbucl
|9 166141
|
| 773 |
0 |
|
|t Racionalizácia informačného procesu v oblasti vedeckotechnických informácií
|d Bratislava : Slovenská technická knižnica, 1979
|g S. 32-44
|
| 850 |
|
|
|a Slovenská národná knižnica v Martine
|a MTA001
|
| 852 |
|
|
|a SNK
|b KIS3GCP
|
| 958 |
|
|
|a RK
|
| 958 |
|
|
|a KL
|
| 992 |
|
|
|a RZB
|
| 999 |
|
|
|c 2219713
|d 2221643
|